| 000 | 00349nam a2200145Ia 4500 | ||
|---|---|---|---|
| 005 | 20251222144753.0 | ||
| 008 | 251222s9999||||xx |||||||||||||| ||spa|| | ||
| 020 | _a9972422828 | ||
| 082 | _a306.874.209/F93 | ||
| 100 | _aFuller, Norma | ||
| 245 | 0 | _aPaternidades en América Latina | |
| 250 | _a1ra.ed. | ||
| 264 | _bEditorial PUCP | ||
| 942 | _cLIB | ||
| 999 |
_c19409 _d19409 |
||